000 00307nam a2200133Ia 4500
100 _aPillai S.O
942 _cBK
654 _aPhysics
245 _aProblems and Solutions on Solid state Physics
260 _bWiley eastern
_aNew Delhi
_c1994
082 _a530.41
_bPAN
546 _aENGLISH
999 _c24186
_d24186